000 00693cam a22002411 4500
001 sa 66008135
003 DLC
005 20260227112310.0
008 740123s1966 ii k 000 0 eng
010 _asa 66008135
025 _aPL480:I-E-6234
040 _aDLC
_cDLC
_dDLC
043 _aa-ii---
050 0 0 _aKNS2650.A311962
_bS58 1966
082 0 0 _a340
110 1 _aIndia (Republic).
_kLaws, statutes, etc.
245 1 4 _aThe Defence of India act, 1962,
_cby V. M. Shukla.
250 _a[3d ed.]
260 _aLucknow,
_bEastern Book Co.
_c[1966]
300 _ax, 72, 259, xxv p.
_bforms.
_c25 cm.
650 0 _aWar and emergency legislation
_zIndia.
700 1 _aShukla, V. M.,
_eed.
999 _c71671
_d71671